Countries Closest To France - Statistics

General Stats
  • This quiz has been taken 66 times
    65 since last reset
  • The average score is 26 of 38
Answer Stats
KM Answer MILES % Correct
0 Germany 0
96%
0 Spain 0
94%
29 United Kingdom 21
94%
0 Italy 0
89%
0 Belgium 0
87%
0 Switzerland 0
87%
0 Luxembourg 0
85%
0 Andorra 0
83%
81 Portugal 72
83%
21 Netherlands 13
81%
286 Poland 273
81%
357 Ireland 345
77%
156 Sweden 140
77%
125 Norway 119
74%
31 Austria 29
72%
99 Denmark 88
72%
92 Liechtenstein 81
72%
67 Czechia 57
70%
417 Greece 398
70%
265 Croatia 256
68%
238 Morocco 221
68%
301 Slovakia 298
68%
268 Bosnia & Herzegovina 259
66%
302 Hungary 299
66%
409 Serbia 389
66%
187 Slovenia 176
66%
634 Ukraine 621
66%
378 Montenegro 368
64%
573 Romania 567
64%
247 Finland 235
62%
427 Albania 419
60%
200 Algeria 189
60%
587 Belarus 576
57%
456 Bulgaria 432
57%
198 Tunisia 187
57%
879 Iceland 862
43%
20,638 Hawaii,USA 19,673
2%
0 LAST 0
2%
No matching quizzes found
Score Distribution
Percent of People with Each Score
Percentile by Number Answered
Your Score History
You have not taken this quiz since the last reset